Quiz sur la Provence-Alpes-Côte d'Azur - Statistiques

Statistiques générales
  • Ce quiz a été pris 248 fois
  • Le résultat moyen est 12 sur 15
Statistiques - réponses
Questions Réponses % Correct
Cite un pays frontalier de la région Italie | Monaco
100%
Quel est la capitale du PACA ? Marseille
99%
Quel est la population (au millions près) ? 5,2 millions
98%
Dans quel ville a lieu un festival de cinéma international tout les ans qui récompense les vainqueurs par une palme ? Cannes
98%
Combien y-a t'il de département ? 6
96%
Quel est la 2e ville la plus peuplé ? Nice
95%
Quel ville du Vaucluse est célèbre pour son pont ? Avignon
94%
Cite une région française frontalière de la région Auvergne-Rhône-Alpes | Occitanie
93%
Quel est la plante typique de la Provence ? la lavande
87%
Quel est le seul département de France qui a pour nom un cours d'eau qui n'y coule pas ? le Var
75%
Dans quel ville les britanniques ont sabordé près de 90% des navires de la flotte française, en 1942, pour ne pas qu'ils tombent entre les mains des nazis ? Toulon
70%
Cite une région historique du PACA Dauphiné | Provence
52%
Quel est le surnom de Marseille ? la Cité Phocéenne
50%
Quel est le plat traditionnelle niçois et provençale à base de ragoût mijoté de légumes méditerranéens et d'huile d'olive. la ratatouille
49%
Quel est le nom de la région naturelle formé par le delta du Rhône ? la Camargue
43%
Aucun quiz correspondant
Distribution des résultats
% des personnes avec chaque résultat
Percentile par nombre de réponses
Votre historique - résultats
Vous n’avez pas pris ce quiz